Logo BPK

Biblioteka

Politechniki Koszalińskiej

Atlas of the Microstructure of Clay Soils = (Rekord nr 22750)

Szczegóły MARC
000 -ETYKIETA REKORDU
podpole kontrolne o stałej długości 00732nam a2200205 i 4500
001 - NUMER KONTROLNY REKORDU
pole kontrolne bg
020 ## - MIĘDZYNARODOWY ZNORMALIZOWANY NUMER KSIĄŻKI - ISBN
ISBN 8301004142
040 ## - ŹRÓDŁO KATALOGOWANIA
Instytucja, która utworzyła rekord BPK
041 ## - KOD JĘZYKA
Kod języka tekstu pol
080 ## - UNIWERSALNA KLASYFIKACJA DZIESIĘTNA - UKD
UKD 551.3+552+553.6(084.12)
920 ## - Międzynarodowy znormalizowany numer książki – ISBN
ISBN 83-01-00414-2
008 - POLE O STAŁEJ DŁUGOŚCI - DANE KONTROLNE
podpole kontrolne o stałej długości s pl f |000 0 pol
100 1# - NAZWA OSOBOWA
Nazwa osobowa Grabowska-Olszewska, Barbara
Daty związane z nazwą (1933- ).
245 #0 - TYTUŁ/ODPOWIEDZIALNOŚĆ
Tytuł Atlas of the Microstructure of Clay Soils =
Ciąg dalszy tytułu Atlas mikrostruktur glinistych porod /
Pozostałe elementy strefy tytułu i oznaczenia odpowiedzialności Barbara Grabowska-Olszewska, Viktor Osipov, Vjacelav Sokolov ; Uniwersytet Warszawski.
260 ## - STREFA ADRESU WYDAWNICZEGO
Miejsce wydania Warszawa :
Nazwa wydawcy/dystrybutora Państwowe Wydaw. Naukowe,
Data publikacji, dystrybucji/powstania dokumentu 1984.
300 ## - STREFA OPISU FIZYCZNEGO
Objętość 414, [2] s. :
Inne cechy fizyczne il., rys., wykr. ;
Rozmiary 25 cm.
700 1# - HASŁO DODATKOWE - NAZWA OSOBOWA
Nazwa osobowa Osipov, Viktor Ivanovič
Daty związane z nazwą (1937- ).
700 1# - HASŁO DODATKOWE - NAZWA OSOBOWA
Nazwa osobowa Sokolov, Vjačeslav.
856 ## - LOKALIZACJA I DOSTĘP DO ELEKTRONICZNYCH DOKUMENTÓW ZDALNYCH
Link (URL) http://koha.tu.koszalin.pl/cgi-bin/koha/opac-detail.pl?biblionumber=22750
Tekst linku Katalog online BPK
942 ## - DODATKOWE ELEMENTY (KOHA)
Typ dokumentu Książka
Egzemplarze
Wycofany Status egzemplarza Uszkodzony Dostępność Lokalizacja stała Lokalizacja bieżąca Miejsce przechowywania Sygnatura Kod kreskowy Typ dokumentu
      Dostępny Biblioteka Politechniki Koszalińskiej Biblioteka Politechniki Koszalińskiej Wypożyczalnia BG 31980 01303704 Książka
© 2023 Biblioteka Politechniki Koszalińskiej :: KOHA